[Event "BCF-chT4S 1920 (4NCL)"]
[Site "England"]
[Date "2020.01.12"]
[Round "4.207"]
[White "Stewart, Lilya"]
[Black "White, John1111"]
[Result "1/2-1/2"]
[WhiteElo "1720"]
[BlackElo "1840"]
[PlyCount "69"]
[EventDate "2019.11.09"]
[EventType "team-swiss"]
[EventRounds "11"]
[EventCountry "ENG"]
[SourceTitle "EXT 2022"]
[Source "ChessBase"]
[SourceDate "2021.10.06"]
[SourceVersion "1"]
[SourceVersionDate "2021.10.06"]
[SourceQuality "1"]
[WhiteTeam "Sussex Martlets III"]
[BlackTeam "Celtic Tigers II"]
[WhiteTeamCountry "ENG"]
[BlackTeamCountry "ENG"]

1. e4 c5 2. Nf3 d6 3. d4 cxd4 4. Qxd4 a6 5. b3 Nc6 6. Qd2 Nf6 7. Nc3 Qc7 8. Bb2 e6 9. Be2 Be7 10. 0-0 0-0 11. Rfe1 b5 12. a3 Bb7 13. Rac1 Rac8 14. Bd3 Rfe8 15. Ne2 e5 16. Ng3 Bf8 17. c4 Qb6 18. Nf5 Ne7 19. Ng3 Ng6 20. Bf1 Nf4 21. Bc3 Bc6 22. c5 Qb8 23. cxd6 Bxd6 24. Qb2 Ng6 25. b4 Bb7 26. Bd3 Rcd8 27. Bc2 Bc8 28. Bb3 h6 29. Nf5 Bf8 30. Qa2 Qb7 31. Ng3 Rd3 32. h4 Bg4 33. Qc2 Rxf3 34. gxf3 Bxf3 35. Qb2 1/2-1/2

[Event "BCF-chT4S 1819 (4NCL)"]
[Site "England"]
[Date "2018.11.18"]
[Round "2.96"]
[White "Stewart, Lilya"]
[Black "Tomboline, David"]
[Result "0-1"]
[WhiteElo "1517"]
[BlackElo "1941"]
[PlyCount "72"]
[EventDate "2018.11.17"]
[EventType "team-swiss"]
[EventRounds "11"]
[EventCountry "ENG"]
[SourceTitle "EXT 2021"]
[Source "ChessBase"]
[SourceDate "2020.10.23"]
[SourceVersion "1"]
[SourceVersionDate "2020.10.23"]
[SourceQuality "1"]
[WhiteTeam "Sussex Martlets III"]
[BlackTeam "Check Innmates II"]
[WhiteTeamCountry "ENG"]
[BlackTeamCountry "ENG"]

1. e4 c6 2. d4 d5 3. Nc3 a6 4. Nf3 Bg4 5. Be2 e6 6. 0-0 Nf6 7. Ne5 Bxe2 8. Qxe2 dxe4 9. Nxe4 Qxd4 10. Nxf6+ gxf6 11. Nd3 Nd7 12. Be3 Qe4 13. Rfe1 Rg8 14. g3 Qf5 15. Rad1 0-0-0 16. Rd2 Bd6 17. Red1 Bc7 18. Ne1 Ne5 19. Bd4 Nd7 20. Rd3 h5 21. Kh1 h4 22. Rf3 Qg4 23. Rd2 hxg3 24. fxg3 Rg6 25. Qf2 f5 26. Bc3 Rh6 27. Rd4 Qg6 28. Rb4 c5 29. Rb3 Rg8 30. Bd2 Rh7 31. Bf4 e5 32. Bd2 Rgh8 33. h4 f4 34. Qg2 Qc6 35. Qf2 fxg3 36. Qg2 e4 0-1